15 Ciudades más grandes de Francia - Estadísticas

Estadísticas generales
  • Esta prueba ha sido intentada 54 veces
  • La puntuación promedio es 10 de 15
Respuestas en el mapa
Las respuestas están codificadas por una escala verde-roja en el mapa de la prueba según el % correcto abajo.
 
Estadísticas de respuestas
Poblacion Ciudad % Correcto
2,1 million París
100%
520 mil Lyon
94%
870 mil Marsella
94%
290k mil Estrasburgo
86%
350 mil Niza
86%
510 mil Toulouse
84%
240 mil Lille
82%
325 mil Nantes
78%
300 mil Montpellier
75%
265 mil Bordeaux
69%
230 mil Rennes
61%
180 mil Reims
41%
170 mil Le Havre
39%
180 mil Toulon
27%
170 mil Saint-Étienne
24%
No se encontraron pruebas coincidentes
Distribución de puntuación
Porcentaje de gente con cada puntuación
Porcentaje por número respondido
Historial de tus puntuaciones
No has intentado esta prueba.